000 00537nam a2200193Ia 4500
003 OSt
005 20200817104302.0
008 190216s9999||||xx |||||||||||||| ||und||
020 _a9780198792932
040 _coclc
082 _a546
_bATK/I
100 _aAtkins, Peter
_94151
245 0 _aInorganic Chemistry /
_cPeter Atkins ; D F Shriver
250 _a3rd Ed.
260 _bOxford University Press,
_c2002.
_aNew Delhi:
300 _a764p
650 _aChemistry
942 _cBK
_2ddc
_h546
_iATK/I
_k546
_mATK/I
999 _c3005
_d3005